Normal view
MARC view
- Mudassar Hussain
Entry Personal Name
001 - CONTROL NUMBER
- control field: 120318
003 - CONTROL NUMBER IDENTIFIER
- control field: NUST
005 - DATE AND TIME OF LATEST TRANSACTION
- control field: 20240213105547.0
008 - FIXED-LENGTH DATA ELEMENTS
- fixed length control field: 240213|| aca||aabn | a|a d
040 ## - CATALOGING SOURCE
- Original cataloging agency: NUST
- Transcribing agency: NUST
100 ## - HEADING--PERSONAL NAME
- Personal name: Mudassar Hussain
670 ## - SOURCE DATA FOUND
- Source citation: Work cat.: (NUST)524453: Mudassar Hussain, Numerical investigation and parametric optimization of blades / wings , 2016
